| 000 | 01821nam a2200421 a 4500 | ||
|---|---|---|---|
| 001 | ebr5000224 | ||
| 003 | CaPaEBR | ||
| 006 | m u | ||
| 007 | cr cn||||||||| | ||
| 008 | 020216s2000 ne ac sb 001 0 eng | ||
| 010 | _z 98046184 | ||
| 015 | _aGBA2-14391 | ||
| 016 | 7 |
_a9027236682 _2Uk |
|
| 020 | _z9027236682 | ||
| 020 | _z1556198795(U.S.) | ||
| 040 |
_aCaPaEBR _cCaPaEBR |
||
| 035 | _a(OCoLC)70765371 | ||
| 050 | 1 | 4 |
_aP147 _b.L63 2000eb |
| 082 | 0 | 4 |
_a410.18 _221 |
| 245 | 0 | 0 |
_aFunctional approaches to language, culture, and cognition _h[electronic resource] : _bpapers in honor of Sydney M. Lamb / _c[edited by] David G. Lockwood, Peter H. Fries, James E. Copeland. |
| 260 |
_aAmsterdam ; _a[Great Britain] : _bBenjamins, _cc2000. |
||
| 300 |
_axxxiv, 656 p. : _bill., 1 port. |
||
| 490 | 1 |
_aAmsterdam studies in the theory and history of linguistic science. Series 4, Current issues in linguistic theory, _x0304-0763 ; _vv. 163 |
|
| 504 | _aIncludes bibliographical references and index. | ||
| 533 |
_aElectronic reproduction. _bPalo Alto, Calif. : _cebrary, _d2013. _nAvailable via World Wide Web. _nAccess may be limited to ebrary affiliated libraries. |
||
| 650 | 0 | _aFunctionalism (Linguistics) | |
| 650 | 0 | _aCognitive grammar. | |
| 650 | 0 | _aHistorical linguistics. | |
| 650 | 0 | _aLanguage and culture. | |
| 655 | 7 |
_aElectronic books. _2local |
|
| 700 | 1 | _aLamb, Sydney M. | |
| 700 | 1 | _aLockwood, David G. | |
| 700 | 1 | _aFries, Peter Howard. | |
| 700 | 1 | _aCopeland, James E. | |
| 710 | 2 | _aebrary, Inc. | |
| 830 | 0 |
_aAmsterdam studies in the theory and history of linguistic science. _nSeries IV, _pCurrent issues in linguistic theory ; _vv. 163. |
|
| 856 | 4 | 0 |
_uhttp://site.ebrary.com/lib/rucke/Doc?id=5000224 _zAn electronic book accessible through the World Wide Web; click to view |
| 999 |
_c2707 _d2707 |
||